000 01211ncm a2200289 i 4500
001 90222
003 ES-MaACL
005 20250726220146.0
007 qu
008 050119s1907 sp ||| |||||||| | spa d
245 0 0 _aFolk-lore o Cancionero salmantino
_h[Música impresa] /
_cpor Dámaso Ledesma ; [preámbulo de Tomás Bretón].
246 3 0 _aCancionero salmantino
260 _aMadrid :
_b[s.n.],
_c1907 (
_fImp. Alemana)
300 _a1 partitura abreviada (261 p.) :
_bil. ;
_c32 cm.
500 _aObra premiada por la Real Academia de Bellas Artes de San Fernando.
500 _aDed.: "A la Excelentísima Diputación de Salamanca, ilustre mecenas del arte popular salmantino"
500 _aPortada ilustrada en color con el escudo de Salamanca: "G. de Federico"
530 _aDisponible en formato digital.
650 4 _aCanciones con piano.
_9141417
650 4 _aCanciones populares-
_zSalamanca (Provincia)
_9166643
700 1 _aLedesma, Dámaso.
_971143
700 1 _aBretón, Tomás,
_d1850-1923
_931633
852 _aES-MaACL
_jD-28
856 _uhttp://bdh-rd.bne.es/viewer.vm?id=0000109243&page=1
_zBiblioteca Digital Hispánica
942 _2udc
999 _c90222
_d90222